00449nam a2200193 a 4500001001300000003000900013005001700022008004100039020001000080082001500090100001700105245002100122260002900143300000900172500003500181505001000216650001200226700001700238nice12345678IN_TiNIC20260116011527.0050524s1964 boma grp 000 0 eng  ac8.500a954.6bNOO aNoorani, A G aKashmir Question aBombaybManaktalasc1964 a125p aincludes index and biblioraphy2 aIndex aKashmir1 aNoorani, A G